Topografie /

Main Author: Zeman, Josef, 1919-
Language: Czech
Published: Brno : Vysoká škola technická E. Beneše, 1951
Series: Donátův fond při Vysoké škole technické Dr. Edvarda Beneše v Brně
Physical Description: 154 stran ; 8°
Book
Saved in:
LEADER 00974nam a22002772i 4500
001 001471409
003 CZ BrMZK
005 20160502111327.0
007 ta
008 150519s1951 xr er|||||||||||cze d
015 |a cnb000504096 
035 |a (OCoLC)85307063 
040 |a ABA001  |b cze  |c BOA001  |d ABA001  |e rda  |d BOA001 
100 1 |a Zeman, Josef,  |d 1919-  |7 jk01152480  |4 aut 
245 1 0 |a Topografie /  |c Josef Zeman 
264 1 |a Brno :  |b Vysoká škola technická E. Beneše,  |c 1951 
300 |a 154 stran ;  |c 8° 
336 |a text  |b txt  |2 rdacontent 
337 |a bez média  |b n  |2 rdamedia 
338 |a svazek  |b nc  |2 rdacarrier 
490 1 |a Donátův fond při Vysoké škole technické E. Beneše v Brně ;  |v spis číslo 221 
830 0 |a Donátův fond při Vysoké škole technické Dr. Edvarda Beneše v Brně 
910 |a BOA001  |b 2-0283.958 
990 |a BK 
991 |b 201505 
996 6 |b 2618868720  |c 2-0283.958  |l MZK  |r Sklad / do 24 hodin  |n 0  |w 001506503  |u 000010  |a 1  |e BOA001  |j MZK50  |s P